Ahead of the game (Record no. 82500)

MARC details
000 -LEADER
fixed length control field 01145cam a22002175a 4500
001 - CONTROL NUMBER
control field L150420
008 - FIXED-LENGTH DATA ELEMENTS--GENERAL INFORMATION
fixed length control field 100712s2010 xxk 000 0 eng d
035 ## - SYSTEM CONTROL NUMBER
System control number (Sirsi) u150420
041 0# - LANGUAGE CODE
Language code of text/sound track or separate title eng
100 1# - MAIN ENTRY--PERSONAL NAME
Personal name Fahy, Michael
245 00 - TITLE STATEMENT
Title Ahead of the game
490 ## - SERIES STATEMENT
Series statement Solicitors Journal Property Focus
Volume/sequential designation June 2010, 19-20(2)
520 ## - SUMMARY, ETC.
Summary, etc. Green leases in the current economic climate? Flexible green leases could offer numerous benefits to landlords and tenants giving them the opportunity to prepare for potential future legislation in this area. Looks into the advantages of green leases, the barriers to their uptake and the different levels of green. Refers to the Better Building Partnership's green lease toolkit. Tabulates examples of essential green lease clauses and the key points to note if you are considering going green.
590 ## - LOCAL NOTE (RLIN)
Local note KA
650 24 - SUBJECT ADDED ENTRY--TOPICAL TERM
Topical term or geographic name entry element CLIMATE CHANGE ACT 2008
650 24 - SUBJECT ADDED ENTRY--TOPICAL TERM
Topical term or geographic name entry element CARBON REDUCTION COMMITMENT
650 24 - SUBJECT ADDED ENTRY--TOPICAL TERM
Topical term or geographic name entry element COMPANIES ACT 2006 S172
651 #4 - SUBJECT ADDED ENTRY--GEOGRAPHIC NAME
Geographic name United Kingdom
Chronological subdivision
690 ## - LOCAL SUBJECT ADDED ENTRY--TOPICAL TERM (OCLC, RLIN)
Topical term or geographic name as entry element PROPERTY-COMMERCIAL PROPERTY-LEASEHOLD COMMERCIAL PROPERTY-COMMERCIAL LANDLORD AND TENANT-COMMERCIAL LEASES
942 ## - ADDED ENTRY ELEMENTS (KOHA)
Suppress in OPAC 0
Holdings
Withdrawn status Lost status Source of classification or shelving scheme Damaged status Not for loan Home library Current library Shelving location Date acquired Total Checkouts Full call number Barcode Date last seen Copy number Price effective from Koha item type
    Dewey Decimal Classification     London London Journal article 12/07/2010   L150420 150420-1001 06/08/2019 1 06/08/2019 Journal article